|
|
|
|
| LEADER |
00000cam a2200000 7i4500 |
| 001 |
0000003655 |
| 005 |
20151222.0 |
| 008 |
070719 |
| 020 |
|
|
|a 983274783X
|
| 090 |
0 |
0 |
|a NH MAL
|
| 100 |
0 |
|
|a Yeong Pak Foo
|
| 245 |
1 |
0 |
|a Pembalakan dan industri kayu
|c Yeong Pak Foo
|
| 260 |
|
|
|a Selangor :
|b Edu Quest ,
|c 2005
|
| 440 |
|
|
|a Siri alam semulajadi Malaysia
|
| 500 |
|
|
|a Children ages 10-12 years old (pink)
|
| 650 |
|
0 |
|a Junior fiction
|x Natural history
|x Malay
|x Languages
|
| 999 |
|
|
|a 0000969955
|b Book
|c Children Collection
|e Cawangan Bandar Tenggara
|
| 999 |
|
|
|a 0000969956
|b Book
|c Children Collection
|e Cawangan Segamat
|
| 999 |
|
|
|a 0000969957
|b Book
|c Children Collection
|e Cawangan Taman Universiti
|
| 999 |
|
|
|a 0000969958
|b Book
|c Children Collection
|e Perbadanan Perpustakaan Awam Johor
|
| 999 |
|
|
|a 0000969959
|b Book
|c Children Collection
|e Perbadanan Perpustakaan Awam Johor
|
| 999 |
|
|
|a 0001150401
|b Book
|c Children Collection
|e Cawangan Segamat
|
| 999 |
|
|
|a 0001150403
|b Book
|c Children Collection
|e Cawangan Tangkak
|
| 999 |
|
|
|a 0001150411
|b Book
|c Children Collection
|e Cawangan Segamat
|
| 999 |
|
|
|a 0001150412
|b Book
|c Children Collection
|e Cawangan Tmn. Ungku Tun Aminah
|